[Event "Bad Woerishofen op 34th"]
[Site "Bad Woerishofen"]
[Date "2018.03.03"]
[Round "9"]
[White "Gepting, Konrad"]
[Black "Eigenmann, Christina"]
[Result "0-1"]
[WhiteElo "1525"]
[BlackElo "1732"]
[PlyCount "114"]
[EventDate "2018.02.23"]
[EventType "swiss"]
[EventRounds "9"]
[EventCountry "GER"]
[SourceTitle "EXT 2019"]
[Source "ChessBase"]
[SourceDate "2018.10.10"]
[SourceVersion "1"]
[SourceVersionDate "2018.10.10"]
[SourceQuality "1"]

1. b3 d5 2. e3 e5 3. Bb2 Bd6 4. h3 Be6 5. Nf3 Nd7 6. Nc3 c6 7. g4 f6 8. a3 Ne7 9. d3 Qc7 10. d4 e4 11. Nd2 0-0-0 12. b4 Rhf8 13. Nb3 b6 14. Ba6+ Kb8 15. b5 f5 16. Qe2 fxg4 17. hxg4 Nf6 18. Rg1 Ng6 19. bxc6 Bc8 20. Bxc8 Rxc8 21. Nb5 Qxc6 22. Nxd6 Qxd6 23. 0-0-0 Ne8 24. Kb1 Nc7 25. Ka2 h6 26. Rb1 Qh2 27. Rgf1 Rf6 28. a4 Rcf8 29. Qd2 R8f7 30. a5 Ne7 31. axb6 Rxb6 32. Nc5 Nc6 33. Ba3 Kc8 34. Rxb6 axb6 35. Na4 Nb5 36. Nxb6+ Kd8 37. c4 Nxa3 38. Kxa3 Ra7+ 39. Kb2 dxc4 40. Kb1 Qb8 41. Qb2 Rb7 42. Kc1 Rxb6 43. Qa2 Rb3 44. Rd1 c3 45. Re1 Qb4 46. Re2 Qb5 47. d5 Na5 48. f4 Rb2 49. Rxb2 Qxb2+ 50. Qxb2 cxb2+ 51. Kxb2 Nc4+ 52. Kc3 Nxe3 53. Kd4 Nxg4 54. Kxe4 h5 55. Kf5 g6+ 56. Kg5 Ne3 57. d6 Kd7 0-1

[Event "Suedschwaben-ch Seniors"]
[Site "Immenstadt"]
[Date "2012.03.31"]
[Round "1.4"]
[White "Gepting, Konrad"]
[Black "Aicher, Hans"]
[Result "0-1"]
[WhiteElo "1384"]
[BlackElo "1715"]
[PlyCount "92"]
[EventDate "2012.03.31"]
[EventType "swiss"]
[EventRounds "6"]
[EventCountry "GER"]
[SourceTitle "EXT 2022"]
[Source "ChessBase"]
[SourceDate "2021.10.06"]
[SourceVersion "1"]
[SourceVersionDate "2021.10.06"]
[SourceQuality "1"]

1. d4 Nf6 2. g3 g6 3. Bg2 Bg7 4. f4 d5 5. Nf3 c5 6. c3 cxd4 7. Nxd4 Nc6 8. e3 e5 9. Ne2 0-0 10. 0-0 e4 11. h3 h5 12. Nd2 a5 13. Nb3 a4 14. Nbd4 Nd7 15. b4 axb3 16. Nxb3 Nb4 17. Bd2 Nd3 18. Qc2 Nb6 19. Rab1 Nc4 20. Ra1 b5 21. Ned4 Qb6 22. Kh2 Bd7 23. Nc1 Nc5 24. Rf2 Rac8 25. Bf1 Na4 26. Nce2 Bxd4 27. Nxd4 Nxd2 28. Qxd2 Rxc3 29. Be2 b4 30. g4 hxg4 31. hxg4 Nc5 32. Kg3 Nd3 33. Rh2 Qc7 34. Kg2 Qc8 35. g5 Rc1 36. Rh1 Rxa1 37. Rxa1 Qc3 38. Qd1 Kg7 39. Bxd3 exd3 40. Qf1 Rh8 41. f5 Qd2+ 42. Kf3 gxf5 43. Rd1 Qh2 44. Rxd3 Rh3+ 45. Qxh3 Qxh3+ 46. Kf4 Qg4+ 0-1